LEADER 01025cam0 22002891 450 001 SOBE00047061 005 20190617135259.0 010 $a9788876618949 100 $a20150505d2010 |||||ita|0103 ba 101 $aita 102 $aIT 200 1 $aLineamenti di psicologia criminale e investigativa$eil criminal profiling per l'analisi dei crimini seriali violenti$fFabrizio Russo$gprefazione di Angelo Zappala 205 $a6.ristampa 210 $aTorino$cCelid$d2010 215 $a81 p.$d22 cm 225 2 $aPsicologia 410 1$1$12001 $aPsicologia 700 1$aRusso$b, Fabrizio$3SOBA00011125$4070$0524898 801 0$aIT$bUNISOB$c20190617$gRICA 850 $aUNISOB 852 $aUNISOB$j002231$m165692 912 $aSOBE00047061 940 $aM 102 Monografia moderna SBN 941 $aM 957 $x150$a002231$gSI$d165692$n04052015$racquisto$1catenacci$2UNISOB$3UNISOB$420150505111519.0$520190617135259.0$6Spinosa 996 $aLineamenti di psicologia criminale e investigativa$91709081 997 $aUNISOB LEADER 02400nam0 2200505 i 450 001 VAN0125031 005 20230630015054.631 017 70$2N$a9783030039042 100 $a20191029d2018 |0itac50 ba 101 $aeng 102 $aCH 105 $a|||| ||||| 200 1 $aˆThe ‰Gröbner Cover$fAntonio Montes 210 $aCham$cSpringer$d2018 215 $axiv, 276 p.$cill.$d24 cm 410 1$1001VAN0044925$12001 $aAlgorithms and computation in mathematics$1210 $aBerlin [etc.]$cSpringer$d1997-$v27 500 1$3VAN0236535$aˆThe ‰Gröbner Cover$91563798 606 $a13-XX$xCommutative algebra [MSC 2020]$3VANC019732$2MF 606 $a13A15$xIdeals and multiplicative ideal theory in commutative rings [MSC 2020]$3VANC021319$2MF 606 $a13F20$xPolynomial rings and ideals; rings of integer-valued polynomials [MSC 2020]$3VANC021371$2MF 606 $a13B25$xPolynomials over commutative rings [MSC 2020]$3VANC022398$2MF 606 $a11C08$xPolynomials in number theory [MSC 2020]$3VANC022428$2MF 606 $a68V15$xTheorem proving (automated and interactive theorem provers, deduction, resolution, etc.) [MSC 2020]$3VANC024545$2MF 606 $a13Pxx$xComputational aspects and applications [MSC 2020]$3VANC029095$2MF 606 $a03B35$xMechanization of proofs and logical operations [MSC 2020]$3VANC033871$2MF 610 $aCanonical algorithms$9KW:K 610 $aComprehensive Gröbner systems$9KW:K 610 $aConstructible sets$9KW:K 610 $aGröbner Cover$9KW:K 610 $aLocally closed sets$9KW:K 610 $aParameters$9KW:K 610 $aParametric discussion$9KW:K 610 $aParametric systems$9KW:K 610 $aSingular library$9KW:K 620 $aCH$dCham$3VANL001889 700 1$aMontes$bAntonio$3VANV096485$0767914 712 $aSpringer $3VANV108073$4650 801 $aIT$bSOL$c20240614$gRICA 856 4 $uhttp://doi.org/10.1007/978-3-030-03904-2$zE-book ? Accesso al full-text attraverso riconoscimento IP di Ateneo, proxy e/o Shibboleth 899 $aBIBLIOTECA DEL DIPARTIMENTO DI MATEMATICA E FISICA$1IT-CE0120$2VAN08 912 $fN 912 $aVAN0125031 950 $aBIBLIOTECA DEL DIPARTIMENTO DI MATEMATICA E FISICA$d08CONS e-book 1406 $e08eMF1406 20191029 996 $aGröbner Cover$91563798 997 $aUNICAMPANIA LEADER 01361nam0 22003613i 450 001 TO01741004 005 20251003044412.0 010 $a9788879922814 100 $a20161124d2009 ||||0itac50 ba 101 | $aita 102 $ait 181 1$6z01$ai $bxxxe 182 1$6z01$an 183 1$6z01$anc$2RDAcarrier 200 1 $aApplicazioni di termofisica dell'edificio e climatizzazione$fVincenzo Corrado, Enrico Fabrizio 205 $a2. ed 210 $aTorino$cCLUT$d2009 215 $aVIII, 179 p.$d24 cm. 606 $aEdifici$xIsolamento termico$2FIR$3CFIC000244$9E 676 $a693.8$9COSTRUZIONE PER SPECIFICI SCOPI$v14 676 $a693.832$9EDIFICI. Costruzione per specifici scopi. Isolamento termico$v22 696 $aFabbricati 699 $aEdifici$yFabbricati 700 1$aCorrado$b, Vincenzo$f <1963- >$3RAVV105967$4070$0719351 701 1$aFabrizio$b, Enrico$3UBOV991269$4070$0719356 801 3$aIT$bIT-000000$c20161124 850 $aIT-BN0095 901 $bNAP 01$cSALA DING $n$ 912 $aTO01741004 950 0$aBiblioteca Centralizzata di Ateneo$b1 v.$c1 v.$d 01SALA DING 693.8 COR.ap$e 0102 0000101195 VMA A4 1 v.$fY $h20161124$i20161124 977 $a 01 996 $aApplicazioni di termofisica dell'edificio e climatizzazione$91396475 997 $aUNISANNIO